The nature of a crime /

Bibliographic Details
Main Author: Conrad, Joseph, 1857-1924
Other Authors: Ford, Ford Madox, 1873-1939
Format: Book
Language:English
Published: Garden City, N.Y. : Doubleday, Page & company, 1924.

MARC

Tag First Indicator Second Indicator Subfields
LEADER 00000cam a2200000 4500
001 in00000021371
005 20151007062305.0
008 730712s1924 nyu 00011 eng u
010 |a  24023735  
035 |a (OCoLC)00655094 
035 |9 AAD4465AM 
040 |c KSU  |d TXA  |d UtOrBLW 
049 |a TXAM  |c [367459] 
050 0 |a PZ3.C764  |b Na 
090 |a PR6005.O4  |b N3 1924 
092 |a 823  |b C754na 
100 1 |a Conrad, Joseph,  |d 1857-1924. 
245 1 4 |a The nature of a crime /  |c by Joseph Conrad and Ford Madox Ford (F.M. Hueffer). 
264 1 |a Garden City, N.Y. :  |b Doubleday, Page & company,  |c 1924. 
300 |a xv, pages, 1 ., 108 pages ;  |c 21 cm. 
336 |a text  |b txt  |2 rdacontent 
337 |a unmediated  |b n  |2 rdamedia 
338 |a volume  |b nc  |2 rdacarrier 
700 1 |a Ford, Ford Madox,  |d 1873-1939. 
999 |a MARS 
999 f f |s 01dfabde-56b0-3473-b8be-3be4edd571f4  |i d01a14af-8f46-3d4c-bfe6-de420396abec  |t 0 
952 f f |p ric  |a Texas A&M University  |b Rellis Campus  |c Joint Library Facility  |d Remote Storage  |t 0  |e PR6005.O4 N3 1924  |h Library of Congress classification  |i unmediated -- volume  |m A14843680373 
998 f f |a PR6005.O4 N3 1924  |t 0  |l Remote Storage